歴代東京都知事 (1947-) - Statistics

General Stats
  • This quiz has been taken 9 times
  • The average score is 5 of 9
Answer Stats
Hint Answer % Correct
1999-2012 石原慎太郎
100%
2014-2016 舛添要一
100%
2016-現職 小池百合子
100%
2012-2013 猪瀨直樹
89%
1995-1999 青島幸男
78%
1979-1995 鈴木俊一
33%
1959-1967 東龍太郎
11%
1967-1979 美濃部亮吉
11%
1947-1959 安井誠一郎
0%
No matching quizzes found
Score Distribution
Percent of People with Each Score
Percentile by Number Answered
Your Score History
You have not taken this quiz